000
00210nam a2200109Ia 4500
100
_a
#N/A
942
_c
BK
654
_a
windows 3.1
245
_a
Windows 3.1 Secrets
260
_b
#N/A
_c
1993
546
_a
ENGLISH
999
_c
23554
_d
23554